Human resource management (Record no. 139640)

MARC details
000 -LEADER
fixed length control field 00394nam a2200157Ia 4500
008 - FIXED-LENGTH DATA ELEMENTS--GENERAL INFORMATION
fixed length control field 230917s9999||||xx |||||||||||||| ||und||
040 ## - CATALOGING SOURCE
-- 120109
Original cataloging agency VIVEKANANDA LIBRARY
041 ## - Language
-- English
082 ## - DDC NUMBER
Classification number 658.3 M426H
100 ## - MAIN ENTRY--PERSONAL NAME
Personal name Mathis, Robert L.
245 #0 - TITLE STATEMENT
Title Human resource management
250 ## - EDITION STATEMENT
Edition statement 10th. ed.
260 ## - PUBLICATION, DISTRIBUTION, ETC. (IMPRINT)
Place of publication, distribution, etc Australia
Name of publisher, distributor, etc Thomson South - Western
Date of publication, distribution, etc 2003
300 ## - PHYSICAL DESCRIPTION
Pages 650p. p.
942 ## - ADDED ENTRY ELEMENTS (KOHA)
Koha item type Books
Holdings
Withdrawn status Lost status Damaged status Not for loan Location (home branch) Sublocation or collection (holding branch) Date acquired Koha issues (times borrowed) Koha full call number Accession No. Koha date last seen Koha item type
        VIVEKANANDA LIBRARY VIVEKANANDA LIBRARY 17/12/2008   658.3 M426H 243114 17/09/2023 Books
© Designed and Maintained by Vivekananda Library, MDU Rohtak